Album de bodas : Carmen Zayas Bazán - José Martí Pérez /

José Martí se casó con Carmen Zayas el 20 de diciembre de 1877, en el Sagrario de la Catedral de la Ciudad de México. Aquí se reproducen una serie de textos que fueron escritos y regalados a los novios por sus amigos, textos que, como bien señala Cintio Vitier, tienen un valor más sentimental que li...

Olles dieđut

Furkejuvvon:
Bibliográfalaš dieđut
Eará dahkkit: Vitier, Cintio (presentación) (presentación)
Materiálatiipa: Girji
Giella:espánnjágiella
Almmustuhtton: La Habana, Cuba : Boloña, 2000, c2000
Fáttát:
Fáddágilkorat: Lasit fáddágilkoriid
Eai fáddágilkorat, Lasit vuosttaš fáddágilkora!

MARC

LEADER 00000nam^a2200000^a^4500
001 000146440
005 20250521000000.0
009 20260310095911.651
020 |a 959-7126-04-4 
037 |a Acervo ITESO - Biblioteca 
041 |a ESP 
082 |a 860. 9729105  |b ZAY 
245 0 0 |a Album de bodas :  |b Carmen Zayas Bazán - José Martí Pérez /  |c Presen. de C. Vitier. 
264 4 |a La Habana, Cuba :  |b Boloña,  |c 2000, c2000 
300 |a 133 p. 
336 |a texto  |b txt  |2 rdacontenido 
337 |a sin mediación  |b n  |2 rdamedio 
338 |a volumen  |b nc  |2 rdasoporte 
520 |a José Martí se casó con Carmen Zayas el 20 de diciembre de 1877, en el Sagrario de la Catedral de la Ciudad de México. Aquí se reproducen una serie de textos que fueron escritos y regalados a los novios por sus amigos, textos que, como bien señala Cintio Vitier, tienen un valor más sentimental que literario. La obra incluye pequeñas biografías de los autores de los textos. 
649 |a XX 
650 |a Escritores Cubanos -  |x Biografías 
650 |a Mujeres Cubanas -  |x Biografías 
650 |a Literatura Cubana -  |x Historia y Crítica 
650 |a Matrimonio 
650 |a Vida Privada 
650 |a Martí, José 
650 |a Zayas Bazán, Carmen 
700 |a Vitier, Cintio  |e (presentación) 
910 |a Fondo General 
920 |a Impresos - Libros 
930 |a Colección General 
940 |a Literatura 
905 |a 101 
901 |a 0500075615  |b IT1  |c LIT  |u 20250521 
902 |a https://opac.biblio.iteso.mx/vufind/Record/000146440